| 000 | 00561nam a2200169Ia 4500 | ||
|---|---|---|---|
| 008 | 140527s9999 xx 000 0 und d | ||
| 020 | _a9789712339967 | ||
| 050 |
_aHF 5695 _b.AL465 2004 |
||
| 100 | _aAltares, Priscilla S. | ||
| 245 |
_aQuantitative techniques for business : _bwith computer application / _cPriscilla S.Altares ... [et al.]. |
||
| 260 |
_aManila : _bRex Book Store, _cc2004. |
||
| 300 |
_a301 p. : _bill. ; _c26 cm. |
||
| 500 | _aIncludes index and bibliographical references. | ||
| 521 | _aBSBA | ||
| 942 |
_kLOC _cBK |
||
| 999 |
_c117515 _d117515 |
||